| 000 | 00696nam a2200205 a 4500 | ||
|---|---|---|---|
| 001 | 5920 | ||
| 003 | CDMR | ||
| 005 | 20131009140735.0 | ||
| 008 | 130220s1994||||||||||||||||||||||||||||d | ||
| 020 | _a8476024908 | ||
| 040 |
_aCDMR _bcat _cCDMR |
||
| 100 | 1 |
_aRoure, Conrad _92937 |
|
| 245 | 1 | 0 |
_aMemòries de Conrad Roure _cConrad Roure ; edició a cura de Josep Pich i Mitjana _b: recuerdos de mi larga vida. Tom V : Levantamientos federales y guerra carlista |
| 260 |
_aBarcelona _bEumo |
||
| 260 |
_bInstitut Universitari d'Història Jaume Vicens i Vives _c1994 |
||
| 300 |
_a189 p ; _c16 cm |
||
| 490 | 0 |
_aJaume Caresmar _v6 |
|
| 650 | 0 | 4 |
_aPeriodistes catalans _vBiografia _93139 |
| 942 |
_cMON _2udc |
||
| 999 |
_c5920 _d5920 |
||